| 000 | 00494 a2200169 4500 | ||
|---|---|---|---|
| 005 | 20260319150414.0 | ||
| 008 | 260319b |||||||| |||| 00| 0 eng d | ||
| 020 | _a9781529226553 | ||
| 040 | _cSDCL | ||
| 041 |
_2eng _aeng |
||
| 084 | _aX.1'P R4 | ||
| 100 |
_aKassem, Sarrah _91132572 |
||
| 245 |
_aWork and Alienation in the Platform Economy : _bAmazon and the Power of Organization |
||
| 260 |
_aBristol : _bBristol University Press, _c2024. |
||
| 300 | _ax, 211p. | ||
| 942 |
_cTEXL _2CC |
||
| 999 |
_c1715132 _d1715132 |
||